000 01004cab a2200313 4500
001 WB3124-06
008 090401t1995 xxu||||| |||| 00| 0 eng d
035 _a(Sirsi) u9225
041 _aeng
245 _aInvestment in property
260 _c1995
350 _a0
490 _aEstates Times
_v(1284) 16 June 1995, 1
490 _aDaily Telegraph
_v20 June 1995, 30(1)
520 _a53% of international banks and property investors in the UK interviewed for a Gallup poll for Richard Ellis believe that the London property market will outperform Paris and Frankfurt.
650 _aINSTITUTIONAL INVESTMENT
650 _aINVESTMENT MARKET
650 _aINWARD INVESTMENT
650 _aLEASE STRUCTURE
650 _aLENGTH OF LEASE
650 _aLONDON
650 _aPENSION FUNDS
650 _aPENSIONS BILL
650 _aRENTAL GROWTH
650 _aCBRE
690 _aPROPERTY-COMMERCIAL PROPERTY-COMMERCIAL PROPERTY FINANCE AND INVESTMENT
942 _n0
948 _c04/03/1997
999 _c5725
_d5725